Das Tavfwerk Von St.Stephan in Wien (Record no. 10004)

MARC details
000 -CABECERA
campo de control de longitud fija 00648nam a2200229 a 4500
001 - NÚMERO DE CONTROL
campo de control BRL_1192
005 - FECHA Y HORA DE LA ÚLTIMA TRANSACCIÓN
campo de control 20190320211057.0
008 - DATOS DE LONGITUD FIJA--INFORMACIÓN GENERAL
campo de control de longitud fija 261113s1949----au-a######---#000-0#ger-#
041 ## - CÓDIGO DE LENGUA
Código de lengua del texto/banda sonora o título independiente ger
044 ## - CÓDIGO DEL PAÍS DE LA ENTIDAD EDITORA/PRODUCTORA
Código MARC del país au
050 #4 - SIGNATURA TOPOGRÁFICA DE LA BIBLIOTECA DEL CONGRESO
Número de clasificación NA5535.S2
Número de documento/Ítem .O47 1949
100 1# - ENTRADA PRINCIPAL--NOMBRE DE PERSONA
Nombre de persona Oettinger, Karl
9 (RLIN) 26070
245 10 - MENCIÓN DE TÍTULO
Título Das Tavfwerk Von St.Stephan in Wien
Mención de responsabilidad, etc. Karl Oettinger.
260 ## - PUBLICACIÓN, DISTRIBUCIÓN, ETC.
Lugar de publicación, distribución, etc. Wien
Nombre del editor, distribuidor, etc. Berglandverlag
Fecha de publicación, distribución, etc. 1949
300 ## - DESCRIPCIÓN FÍSICA
Extensión 62 p.
Otras características físicas il., 74 láminas
Dimensiones 25 cm.
500 ## - NOTA GENERAL
Nota general Au1365
504 ## - NOTA DE BIBLIOGRAFÍA, ETC.
Nota de bibliografía, etc. Bibliografía: p. 60
610 24 - PUNTO DE ACCESO ADICIONAL DE MATERIA--NOMBRE DE ENTIDAD CORPORATIVA
Nombre de entidad corporativa o nombre de jurisdicción como elemento de entrada Catedral de San Esteban (Viena, Austria)
9 (RLIN) 26071
650 14 - PUNTO DE ACCESO ADICIONAL DE MATERIA--TÉRMINO DE MATERIA
Término de materia o nombre geográfico como elemento de entrada Fuentes
Subdivisión geográfica Viena (Austria)
9 (RLIN) 26072
902 ## - CATALOGADOR
Iniciales GRL
942 ## - ELEMENTOS DE PUNTO DE ACCESO ADICIONAL (KOHA)
Fuente del sistema de clasificación o colocación Library of Congress Classification
Tipo de ítem Koha Libros
Holdings
Estado de retiro Estado de pérdida Estado dañado No para préstamo Localización permanente Ubicación/localización actual Fecha de adquisición Número de inventario Total de préstamos Signatura topográfica completa Código de barras Fecha visto por última vez Precio válido a partir de Tipo de ítem Koha
El ejemplar forma parte de la colección y puede ser consultado según las políticas vigentes.       Biblioteca Centro de Estudios Ruth D. Lechuga Biblioteca Centro de Estudios Ruth D. Lechuga 26/11/2013 Au1365   NA5535.S2 .O47 1949 (Au1365) GRL01309 22/03/2019 22/03/2019 Libros